Realizácia národného záujmu SR po vstupe do EÚ v r. 2004 bakalárska práca

Uložené v:
Podrobná bibliografia
Hlavný autor: Škopcová, Daniela
Korporativný autor: Obchodná fakulta EU. Katedra medzinárodného obchodu
Ďalší autori: Vargová, Andrea
Médium: Kniha
Jazyk:Slovak
Vydavateľské údaje: Bratislava 2010
Tagy: Pridať tag
Žiadne tagy, Buďte prvý, kto otaguje tento záznam!

MARC

LEADER 00000nam$a2200000$$$4500
001 0134219
005 20240320074445.3
041 0 |a slo 
044 |a SK 
245 1 0 |a Realizácia národného záujmu SR po vstupe do EÚ v r. 2004  |b bakalárska práca  |c Daniela Škopcová ; školiteľ: Andrea Vargová 
264 1 |a Bratislava  |c 2010 
100 1 |a Škopcová, Daniela 
700 1 |a Vargová, Andrea 
710 2 |a Obchodná fakulta EU. Katedra medzinárodného obchodu